000
00242nam a2200097Ia 4500
082
_a
EF CLAR
245
0
_a
Just take my heart
100
_a
CLARK HIGGINS, Mary London, 2009
942
_c
BK
008
210817s9999 xx 000 0 und d
999
_c
232161
_d
232160